| 000 | 00413 a2200157 4500 | ||
|---|---|---|---|
| 020 | _a9780141032528 | ||
| 082 | _a863.64 | ||
| 090 |
_c7049 _d7049 |
||
| 100 | _aGarcia Marquez, Gabriel | ||
| 245 |
_aThe general in his labyrinth _cGabriel Garcia Marquez |
||
| 260 |
_aNew York _bPenguin Group _c1990 |
||
| 300 | _a285 p. | ||
| 650 | _aSpanish fiction | ||
| 700 | _aGabriel Garcia Marquez | ||
| 942 |
_cBK _k863.64 GAR |
||
| 999 |
_c10857 _d10857 |
||